| 000 | 00501nam a2200121 a 4500 | ||
|---|---|---|---|
| 008 | 140925s1981 ||||||||||||||||| || u | ||
| 050 | _aILO (02) 1981/5 | ||
| 100 | _aAryee, G. A | ||
| 245 | 1 | 0 |
_aYouth employment prospects in the informal sector: the need and scope for apprenticeship training _cby G.A. Aryee |
| 260 |
_aLusaka _bILO _c1981 |
||
| 300 | _ap. 11 | ||
| 995 |
_FCBU-MAIN LIBRARY (Kitwe) _M1 _UAVAILABLE _WSep 25, 2014 _ZInternational Publications |
||
| 999 |
_c62308 _d62308 |
||